| 000 | 00662nam a2200229Ia 4500 | ||
|---|---|---|---|
| 001 | 4985 | ||
| 003 | GE_BSU | ||
| 008 | 181216s||||||||xx |||||||||||||| ||und|| | ||
| 040 | _cGE_BSU | ||
| 080 | _a624.82 | ||
| 100 | _aИвянский,А.М. Маркович, А.М. | ||
| 245 | _aЖелезобетонные конструкции. | ||
| 245 | _bУчебн. | ||
| 245 | _cРед. Г.В. Елизаветская. | ||
| 260 | _aМ. | ||
| 260 | _bСельхозгиз. | ||
| 260 | _c1961. | ||
| 300 | _a400стр. с илл. 27см. | ||
| 300 | _eприложения. | ||
| 653 | _aЖелезобетонные конструкции. | ||
| 942 | _cBK | ||
| 999 |
_c38709 _d38709 |
||